Αρχείο Αλεξάνδρου Στ. Καραθεοδωρή : κατάλογος και ευρετήρια

Αποθηκεύτηκε σε:
Λεπτομέρειες βιβλιογραφικής εγγραφής
Κύριος συγγραφέας: Γαρδίκα-Αλεξανδροπούλου, Κατερίνα
Μορφή: Βιβλίο
Γλώσσα:Greek
Δημοσίευση: Αθήνα : Κέντρο Νεοελληνικών Ερευνών, 1981
Σειρά:Κέντρο Νεοελληνικών Ερευνών Ε.Ι.Ε. (Σειρά) ; 26
Θέματα:
Ετικέτες: Προσθήκη ετικέτας
Δεν υπάρχουν, Καταχωρήστε ετικέτα πρώτοι!

MARC

LEADER 00000cam a2200000 i 4500
001 1/98814
008 950320s1981 gre d
035 |l 10011070 
040 |a GR-MY-UA  |b gre  |e aacr 
041 0 |a gre 
082 0 |a 027.1016 
100 1 |a Γαρδίκα-Αλεξανδροπούλου, Κατερίνα. 
245 1 0 |a Αρχείο Αλεξάνδρου Στ. Καραθεοδωρή :  |b κατάλογος και ευρετήρια /  |c Κατερίνα Γαρδίκα-Αλεξανδροπούλου 
260 |a Αθήνα :   |b Κέντρο Νεοελληνικών Ερευνών,   |c 1981 
300 |a 80 σ. 
490 1 |a Κέντρο Νεοελληνικών Ερευνών  |v ; 26 
600 1 0 |a Καραθεοδωρής, Αλέξανδρος,   |d 1833-1906. 
650 0 0 |a Family archives  |z Greece. 
830 0 |a Κέντρο Νεοελληνικών Ερευνών Ε.Ι.Ε. (Σειρά)  |v ; 26 
852 |a INST  |b LESVOS  |e 19950320  |h 027.1016 ΓΑΡ  |p 005100002237  |q 005100002237  |t BK  |y 0 
909 |a Λ  |b 036658